Repertorio Ley de Municipalidades. Jurisprudencia Corte Suprema, Tribunal Constitucional y Consejo para la Transparencia, Jurisprudencia Administrativa Contraloria General de la República y Consejo para la Transparencia
Wedi'i Gadw mewn:
| Prif Awdur: | |
|---|---|
| Fformat: | Llyfr |
| Iaith: | Sbaeneg |
| Cyhoeddwyd: |
Santiago
Thomson Reuters La ley
2016
|
| Rhifyn: | 1a. ed |
| Cyfres: | Colección Repertorios
|
| Pynciau: | |
| Tagiau: |
Ychwanegu Tag
Dim Tagiau, Byddwch y cyntaf i dagio'r cofnod hwn!
|
MARC
| LEADER | 00000cam a2200000 a 4500 | ||
|---|---|---|---|
| 001 | UCD4606 | ||
| 003 | CL-VaPUC | ||
| 008 | 160713e20160400cl |||||||||||||||||spa|d | ||
| 020 | |a 9789563467901 | ||
| 082 | 0 | 4 | |a 352.83 |b COR |2 21 |
| 100 | 0 | |a Cordero Vega, Luis Alberto |e author |9 588336 | |
| 245 | 1 | 0 | |a Repertorio Ley de Municipalidades. Jurisprudencia Corte Suprema, Tribunal Constitucional y Consejo para la Transparencia, Jurisprudencia Administrativa Contraloria General de la República y Consejo para la Transparencia |
| 250 | |a 1a. ed | ||
| 300 | |a 329 p | ||
| 942 | |c BK | ||
| 945 | |d 20160713 20:53:00 |a arojas | ||
| 260 | |a Santiago |b Thomson Reuters La ley |c 2016 | ||
| 650 | 7 | |a DERECHO MUNICIPAL |2 CL-VaPUC |9 257568 | |
| 650 | 0 | |a Municipalidades |9 255557 | |
| 650 | 7 | |a GOBIERNO Y ADMINISTRACION |2 CL-VaPUC |9 258649 | |
| 650 | 7 | |a BIENES MUNICIPALES |2 CL-VaPUC |9 383892 | |
| 650 | 0 | |a Administración pública |9 255343 | |
| 650 | 7 | |a RESPONSABILIDAD MUNICIPAL |2 CL-VaPUC |9 384144 | |
| 583 | |a last modification |c 20170612 02:01:00 |k Rodrigo Vera | ||
| 490 | 0 | |a Colección Repertorios | |
| 999 | |c 365488 |d 365486 | ||
| 952 | |0 0 |1 0 |3 erb |4 0 |6 352_830000000000000_COR_2016 |7 0 |8 A |9 479363 |a BIBDER |b BIBDER |i 5297990 |o 352.83 COR 2016 |p 5297990 |r 2023-01-25 |w 2019-11-24 |y BK |z Catalogado en:20160713 |k DER | ||